An introduction to Cardiovascular physiology: (Record no. 2208)

MARC details
000 -LEADER
fixed length control field 00668nam a22002177a 4500
003 - CONTROL NUMBER IDENTIFIER
control field OSt
005 - DATE AND TIME OF LATEST TRANSACTION
control field 20160613184756.0
008 - FIXED-LENGTH DATA ELEMENTS--GENERAL INFORMATION
fixed length control field 150901b xxu||||| |||| 00| 0 eng d
020 ## - INTERNATIONAL STANDARD BOOK NUMBER
International Standard Book Number 9780340985113
040 ## - CATALOGING SOURCE
Transcribing agency DNLM
082 ## - DEWEY DECIMAL CLASSIFICATION NUMBER
Classification number WG18 L576c 2010
100 ## - MAIN ENTRY--PERSONAL NAME
Personal name Levick, Rodney J.
9 (RLIN) 5635
245 ## - TITLE STATEMENT
Title An introduction to Cardiovascular physiology:
Remainder of title questions for self assessment with illustrated answers
250 ## - EDITION STATEMENT
Edition statement 5th ed.
260 ## - PUBLICATION, DISTRIBUTION, ETC. (IMPRINT)
Place of publication, distribution, etc. UK;
Name of publisher, distributor, etc. Arnold,
Date of publication, distribution, etc. 2010
300 ## - PHYSICAL DESCRIPTION
Extent vi,266p;
Other physical details col.ill:
Dimensions 25cm
504 ## - BIBLIOGRAPHY, ETC. NOTE
Bibliography, etc Acknowledgements, references, & index included
650 ## - SUBJECT ADDED ENTRY--TOPICAL TERM
Topical term or geographic name as entry element Cardiovascular system
9 (RLIN) 5636
650 ## - SUBJECT ADDED ENTRY--TOPICAL TERM
Topical term or geographic name as entry element Cardiovascular MCQS
9 (RLIN) 9380
942 ## - ADDED ENTRY ELEMENTS (KOHA)
Source of classification or shelving scheme Other/Generic Classification Scheme
Koha item type Open Shelf
Holdings
Withdrawn status Lost status Source of classification or shelving scheme Damaged status Not for loan Home library Current library Date acquired Source of acquisition Inventory number Total Checkouts Full call number Barcode Date last seen Koha item type Price effective from
    Other/Generic Classification Scheme     MUST Main Library MUST Main Library 01/09/2015   14/38699   WG18 L576c 2010 2015-2177 01/09/2015 Open Shelf  
    Other/Generic Classification Scheme     MUST Main Library MUST Main Library 13/06/2016   14/37413   WG18 L576c 2010 2016-2454 13/06/2016 Book Bank  
    Other/Generic Classification Scheme     MUST Main Library MUST Main Library 13/06/2016   14/37414   WG18 L576c 2010 2016-2455 13/06/2016 Book Bank  
    Other/Generic Classification Scheme     MUST Main Library MUST Main Library 13/06/2016   14/37415   WG18 L576c 2010 2016-2456 13/06/2016 Short Loan  
    Other/Generic Classification Scheme     MUST Main Library MUST Main Library 13/06/2016   14/37416   WG18 L576c 2010 2016-2457 13/06/2016 Short Loan  
    Other/Generic Classification Scheme     MUST Main Library MUST Main Library 13/06/2016   12/35622   WG18 L576c 2010 2016-2458 13/06/2016 Book Bank  
    Other/Generic Classification Scheme     MUST Main Library MUST Main Library 13/06/2016   12/35623   WG18 L576c 2010 2016-2459 13/06/2016 Book Bank  
    Other/Generic Classification Scheme     MUST Main Library MUST Main Library 13/06/2016   11/35475   WG18 L576c 2010 2016-2460 13/06/2016 Book Bank  
    Other/Generic Classification Scheme     MUST Main Library MUST Main Library 13/06/2016   11/35508   WG18 L576c 2010 2016-2461 13/06/2016 Book Bank  
    Other/Generic Classification Scheme     MUST Main Library MUST Main Library 13/09/2022 Donation 11/35090   WG18 L576c 2010 2022-7992 13/09/2022 Open Shelf 13/09/2022
    Other/Generic Classification Scheme     MUST Main Library MUST Main Library 13/09/2022 Donation 12/35637   WG18 L576c 2010 2022-7993 13/09/2022 Open Shelf 13/09/2022